000 00514nam a2200193Ia 4500
003 GCL
005 20240530101121.0
008 140319s9999 xx 000 0 eng d
040 _aGCL /
_cGCL
082 0 4 _a189
_bJ F
100 1 _aJULLIEN, FRANCOIS
245 1 0 _aFIGURES DE L'IMMANENCE: POUR UNE LACTURE PHILOSOPHIQUE DU YIKING /
_cJUUULLIEN, FRANCOIS
260 _a[S.N] :
_bGRASSET ،
_c1993
300 _a317 P
650 0 4 _aYIKING
650 0 4 _aPHILOSOPHY
650 0 4 _aPHILOSOPHERS
942 _2ddc
_cBK
999 _c24769
_d24769